| 000 | 00999nam a2200289 i 4500 | ||
|---|---|---|---|
| 003 | DO-SdBNP | ||
| 005 | 20250606110919.0 | ||
| 007 | ta | ||
| 008 | 250606b2010 dr ac||| |||| 00| 0 spa d | ||
| 020 | _a9789945454314 | ||
| 040 |
_aDO-SdBNP _bspa _cBNPHU _erda |
||
| 041 | _aspa | ||
| 082 | 1 |
_222 _axxx _bB253u |
|
| 100 | 1 |
_aBarinas Coiscou, Sócrates, _d1916-2021 _eautor _4aut. _924379 |
|
| 245 | 1 | 0 |
_aUn país llamado nostalgia / _cSócrates Barinas Coiscou ; prólogo, Virgilio Hoepelman ; edición, Paula Pérez Peguero |
| 250 | _aPrimera edición | ||
| 264 | 1 |
_aSanto Domingo : _bEditora Manatí, _c2010. |
|
| 300 |
_a477 páginas : _bilustraciones y retratos ; _c23 cm. |
||
| 336 |
_atexto _btxt _2rdacontent |
||
| 337 |
_asin mediación _bn _2rdamedia |
||
| 338 |
_avolumen _bnc _2rdacarrier |
||
| 590 | _aInventariado, 2025/BT | ||
| 700 | 1 |
_aHoepelman, Virgilio, _eprologuista _4pr. _911257 |
|
| 700 | 1 |
_aPérez Peguero, Paula, _eeditor _4ed. _987999 |
|
| 910 | _aBtavárez | ||
| 942 |
_2ddc _cIFIM |
||
| 999 |
_c59157 _d59157 |
||